| 000 | 01061nam a22002417a 4500 | ||
|---|---|---|---|
| 005 | 20250812154357.0 | ||
| 008 | 231122b ||||| |||| 00| 0 eng d | ||
| 020 | _a9788195680771 | ||
| 040 | _cAL | ||
| 041 | _aeng | ||
| 082 |
_223 _a275.4 _bFRAP |
||
| 100 |
_aEdmund J B Frank _9235211 |
||
| 245 |
_aPride of Kanara True Son of India _b: Fr Jerome Dsouza SJ |
||
| 260 |
_aMangaluru _bSt Aloysius Prakashana _c2023 |
||
| 300 |
_aviii,134p. _bPB _c21x14cm. |
||
| 365 |
_2Religion _b200.00 _c₹ _d200.00 |
||
| 520 | _aThis book takes the reader on a journey giving him glances and important updates into the life story and contributions of Fr Jerome in the making of India's Constitution as a member of the Constituent Assembly and his role in securing the Fundamental Rights and Minority Rights which have left a permanent impact on the contemporary Indian political and constitutional history. | ||
| 650 |
_aChristian Leader _9142831 |
||
| 650 |
_aPride of canara _9173151 |
||
| 650 |
_aBiography _9142832 |
||
| 650 |
_aJesuit _9143312 |
||
| 942 |
_2ddc _cDB |
||
| 999 |
_c229272 _d229272 |
||